000
00315nam a2200145 a 4500
005
20260322212036.0
008
data
092
_a
360
100
1
_a
Eric Clapton
245
1
0
_a
24 nights
_c
Eric Clapton.
260
_a
Milwaukee, WI
_b
Hal Leonard
_c
1998
300
_b
2 Disks
650
0
_a
Rock music
_x
1991-2000
001
data
999
_c
830
_d
830